000 00312nam a2200121Ia 4500
008 240731s9999 xx 000 0 und d
022 _a1179-1624
245 0 _aVirus Adaptation and Treatment
260 _bDove Medical Press
856 _uhttps://www.tandfonline.com/loi/dvat20
942 _2ddc
942 _cTFEJ
999 _c80252
_d80252
945 _a1
_bMadushi Gamage
_c1
_dMadushi Gamage